[Event "Avoine op 26th"]
[Site "Avoine"]
[Date "2011.07.24"]
[Round "2"]
[White "Arene, Olivier"]
[Black "Oei, Hway Ik"]
[Result "0-1"]
[WhiteElo "1909"]
[BlackElo "2122"]
[PlyCount "96"]
[EventDate "2011.07.23"]
[EventType "swiss"]
[EventRounds "9"]
[EventCountry "FRA"]
[SourceTitle "EXT 2012"]
[Source "ChessBase"]
[SourceDate "2011.11.24"]
[SourceVersion "1"]
[SourceVersionDate "2011.11.24"]
[SourceQuality "1"]

1. e4 c6 2. c4 e5 3. Nf3 d6 4. d4 Nd7 5. Nc3 Ngf6 6. Be2 Be7 7. 0-0 0-0 8. Re1 Re8 9. Bf1 Bf8 10. Rb1 h6 11. b4 g6 12. a3 Qc7 13. Bb2 Bg7 14. Qd2 Nh5 15. g3 Nf8 16. h3 Bd7 17. Rbd1 Rad8 18. Qc2 Qc8 19. Kh2 g5 20. Ne2 Ng6 21. Neg1 g4 22. hxg4 Bxg4 23. Be2 Nf6 24. dxe5 dxe5 25. Rxd8 Qxd8 26. Rd1 Qe7 27. c5 Bc8 28. Bc4 Nd7 29. Ne2 Ndf8 30. Kg2 Rd8 31. Rh1 Be6 32. Bc1 Qd7 33. Nh4 Nxh4+ 34. Rxh4 Bxc4 35. Qxc4 Qd3 36. Qxd3 Rxd3 37. f3 Ne6 38. Rh1 b6 39. cxb6 axb6 40. Rf1 c5 41. bxc5 Nxc5 42. g4 b5 43. Ng3 Ne6 44. Nf5 Bf8 45. Rf2 Rb3 46. Rc2 Kh7 47. Kg3 Ng5 48. Rd2 Nxe4+ 0-1

[Event "Chateauroux op"]
[Site "Chateauroux"]
[Date "2009.10.28"]
[Round "1"]
[White "Arene, Olivier"]
[Black "Militon, Alexandre"]
[Result "1/2-1/2"]
[WhiteElo "1950"]
[BlackElo "1560"]
[PlyCount "108"]
[EventDate "2009.10.28"]
[EventType "swiss"]
[EventRounds "7"]
[EventCountry "FRA"]
[SourceTitle "EXT 2011"]
[Source "ChessBase"]
[SourceDate "2010.11.26"]
[SourceVersion "1"]
[SourceVersionDate "2010.11.26"]
[SourceQuality "1"]

1. e4 c5 2. Nf3 d6 3. d4 cxd4 4. Nxd4 g6 5. Be2 Bg7 6. 0-0 Nc6 7. Nb3 Nf6 8. Nc3 0-0 9. Bg5 h6 10. Bh4 a6 11. f4 e6 12. Bf3 Rb8 13. Qe2 Qc7 14. a4 Bd7 15. a5 Ra8 16. Bf2 Bc8 17. Rfd1 Nd7 18. Rd2 Nb4 19. Na4 Nc5 20. Naxc5 dxc5 21. c3 Nc6 22. Bxc5 Re8 23. e5 f6 24. Bb6 Qe7 25. Bc5 Qc7 26. Bd6 Qf7 27. Nd4 Bd7 28. Rad1 fxe5 29. Nxc6 Bxc6 30. Bxc6 bxc6 31. Bxe5 Bxe5 32. Qxe5 Qa7+ 33. Qd4 Qc7 34. Qf6 Qf7 35. Qxf7+ Kxf7 36. Rd7+ Re7 37. Kf2 Rb8 38. b4 Rb5 39. R7d6 c5 40. Rxa6 cxb4 41. cxb4 Rxb4 42. Ra1 Rxf4+ 43. Ke3 Rb4 44. Rb6 Rc4 45. a6 Rcc7 46. Rab1 Red7 47. Rb7 Rc3+ 48. Ke2 Rc2+ 49. Ke1 Ke7 50. a7 Ra2 51. Rxd7+ Kxd7 52. Rb7+ Kc6 53. Re7 Kd6 54. Rh7 g5 1/2-1/2